It looks like you're offline.
Open Library logo
additional options menu

MARC record from Internet Archive

LEADER: 01364cam 2200433Ia 4500
001 ocm14252947
003 OCoLC
005 20210104220949.0
008 860923s1985 enka 001 0 eng d
040 $aKFP$beng$cKFP$dOCL$dXQ$$dJPG$dOCLCQ$dOCLCF$dOCLCO$dCQ$$dOCLCQ
020 $a1850320012$q(pbk.)
020 $a9781850320012$q(pbk.)
035 $a(OCoLC)14252947
050 14 $aTT203.5$b.P56 1985
082 04 $a684.082$219
082 04 $a684.083$bP544t, 1985
100 1 $aPhillips, Jim.
245 10 $aTechniques of routing /$cJim Phillips.
250 $a2nd ed.
260 $a[London] :$b[Building Trades Journal],$c1985.
300 $a293 pages :$billustrations ;$c21 cm
336 $atext$btxt$2rdacontent
337 $aunmediated$bn$2rdamedia
338 $avolume$bnc$2rdacarrier
500 $a"A BTJ book."
500 $aIncludes index.
650 0 $aRouters (Tools)
650 0 $aCarpentry$xTools.
650 0 $aWoodworking tools.
650 7 $aCarpentry$xTools.$2fast$0(OCoLC)fst00847849
650 7 $aRouters (Tools)$2fast$0(OCoLC)fst01100751
650 7 $aWoodworking tools.$2fast$0(OCoLC)fst01179958
653 0 $aWoodworking machinery
029 1 $aAU@$b000003704014
029 1 $aAU@$b000021832121
029 1 $aNZ1$b5032614
029 1 $aUNITY$b025338137
994 $aZ0$bP4A
948 $hNO HOLDINGS IN P4A - 26 OTHER HOLDINGS